000 00985nam a2200301Ia 4500
003 OSt
005 20221007122456.0
006 a|||||r|||| 00| 0
007 ta
008 221006b |||||||| |||| 00| 0 eng d
020 _a9788175967205 (pbk)
024 _a102295
037 _b2824, 04/06/2010, New India Book Agency
_cTextbook
040 _aPAPL
_cPAPL
_beng
041 _2eng
_aeng
082 _aB7, P4;1-;3 Carpa
100 _aKibble Tom W B
_9473087
245 0 _aClassical mechanics
_b Berkshire Frank H
250 _a5
260 _aCambridge
_bCambridge University Press
_c2004
300 _axx, 478p.
_ccm.
500 _aAppendices A-D, 381-444p.; Bibliography 463-464p.; Index 465-478p.
650 _a Mechanics
650 _aPhysics
700 _a Berkshire Frank H
_9473088
942 _hB7, P4;1-;3 Carpa
_cTB
_2CC
999 _c1210413
_d1210413